| 000 | 00618nam a22001937a 4500 | ||
|---|---|---|---|
| 003 | BD-DhJNU | ||
| 005 | 20250119041038.0 | ||
| 008 | 250119b |||||||| |||| 00| 0 eng d | ||
| 020 | _a9788125050537 | ||
| 040 |
_aBD-DhJNU _bENG _cBD-DhJNU _dBD-DhJNU |
||
| 082 |
_223 _a954.14 |
||
| 100 | _aRay, Niharranjan | ||
| 245 |
_aHistory of the Bengali people : _bfrom earliest times to the fall of the Sena dynasty / _cNiharranjan Ray |
||
| 260 |
_aIndia : _bOrient Blackswan Private LTD, _c2019. |
||
| 300 |
_axxxix, 613 p. : _bill. ; _c22 cm. |
||
| 504 | _aincludes index | ||
| 650 | _aUndivided Bengali | ||
| 942 |
_2ddc _cBK _n0 |
||
| 999 |
_c1102 _d1102 |
||